[Event "16. Obert Internacional Sant Martí 2014"]
[Site "Barcelona ESP"]
[Date "2014.07.14"]
[Round "2.39"]
[White "Magallanes, Gustavo"]
[Black "Newrkla, Katharina"]
[Result "1/2-1/2"]
[WhiteElo "1969"]
[BlackElo "2167"]
[PlyCount "151"]
[EventDate "2014.07.13"]
[EventType "swiss"]
[EventRounds "9"]
[EventCountry "ESP"]
[Source "lmi"]
[SourceDate "2014.07.13"]

1. e4 c5 2. c3 d5 3. exd5 Qxd5 4. d4 g6 5. Nf3 Bg7 6. Na3 cxd4 7. Bc4 Qe4+ 8.
Be3 Nh6 9. Nb5 O-O 10. cxd4 Nc6 11. O-O Bg4 12. Nc3 Bxf3 13. Nxe4 Bxd1 14.
Raxd1 Nf5 15. d5 Ne5 16. Bb3 Ng4 17. Bc5 b6 18. Ba3 Be5 19. h3 Nf6 20. Ng5 Bd6
21. Bxd6 Nxd6 22. Rfe1 Rfe8 23. Re2 a5 24. a3 a4 25. Ba2 Rac8 26. Nf3 Rc5 27.
Ne5 Kg7 28. Nd3 Rc7 29. Nb4 Rc5 30. Rde1 Kf8 31. g4 h6 32. Kg2 Nb5 33. Rd2 Rd8
34. Red1 Nd6 35. f3 Nc4 36. Bxc4 Rxc4 37. Kf2 Rd6 38. Ke3 Nd7 39. Rd4 Rxd4 40.
Rxd4 Nc5 41. Nd3 Nd7 42. Nb4 b5 43. f4 Nb6 44. Kd3 Rd8 45. Nc6 Rxd5 46. Na7 Rc5
47. Rb4 Nd5 48. Kd4 Nxb4 49. Kxc5 Nd3+ 50. Kxb5 Nxb2 51. Nc6 Ke8 52. Ne5 g5 53.
f5 f6 54. Nf3 Kd7 55. Kb4 e5 56. fxe6+ Kxe6 57. Kc3 Nd1+ 58. Kb4 Nb2 59. Kc3
Nd1+ 60. Kb4 Nf2 61. Kxa4 Nxh3 62. Kb5 Nf2 63. a4 Nxg4 64. a5 Kd7 65. Kb6 Kc8
66. a6 Kb8 67. a7+ Ka8 68. Nd4 Ne3 69. Ne6 Nd5+ 70. Kc5 Ne7 71. Ng7 Kxa7 72.
Kd6 f5 73. Kxe7 f4 74. Nh5 f3 75. Kf6 f2 76. Ng3 1/2-1/2

[Event "16. Obert Internacional Sant Martí 2014"]
[Site "Barcelona ESP"]
[Date "2014.07.14"]
[Round "2.40"]
[White "Alfara Ayllon, Jose Luis"]
[Black "Bru Rullo, Llatzer"]
[Result "1/2-1/2"]
[WhiteElo "1942"]
[BlackElo "2152"]
[PlyCount "83"]
[EventDate "2014.07.13"]
[EventType "swiss"]
[EventRounds "9"]
[EventCountry "ESP"]
[Source "lmi"]
[SourceDate "2014.07.13"]

1. e4 e6 2. d4 d5 3. Bd3 c5 4. c3 Nc6 5. Nf3 cxd4 6. cxd4 Nf6 7. e5 Nd7 8. O-O
Qb6 9. Bc2 Be7 10. Nc3 Qd8 11. a3 a6 12. Re1 b5 13. Ne2 Nb6 14. Bd3 Bd7 15. Bd2
Nc4 16. Bc3 Rb8 17. b4 a5 18. Qb3 Nxa3 19. bxa5 b4 20. Bb2 Nxa5 21. Qd1 N3c4
22. Rb1 Bc6 23. Ng3 g6 24. Re2 Qd7 25. Qc1 h6 26. Qf4 Nxb2 27. Rexb2 Nc4 28.
Ra2 Qc7 29. h4 Bb5 30. Nd2 Nxd2 31. Bxb5+ Rxb5 32. Rxd2 f5 33. Rdb2 Kf7 34. Qd2
Kg7 35. h5 g5 36. Qd3 Qb6 37. Ne2 Rc8 38. g4 f4 39. Qg6+ Kf8 40. Qxh6+ Ke8 41.
Qg6+ Kd7 42. Qd3 1/2-1/2

[Event "16. Obert Internacional Sant Martí 2014"]
[Site "Barcelona ESP"]
[Date "2014.07.14"]
[Round "2.41"]
[White "Naslund, Mikael"]
[Black "Matsenko, Elena"]
[Result "1/2-1/2"]
[WhiteElo "2148"]
[BlackElo "1929"]
[PlyCount "73"]
[EventDate "2014.07.13"]
[EventType "swiss"]
[EventRounds "9"]
[EventCountry "ESP"]
[Source "lmi"]
[SourceDate "2014.07.13"]

1. d4 d5 2. c4 c6 3. Nf3 Nf6 4. e3 e6 5. Nc3 Nbd7 6. Bd3 dxc4 7. Bxc4 b5 8. Be2
Bb7 9. O-O Be7 10. e4 b4 11. e5 bxc3 12. exf6 Bxf6 13. bxc3 O-O 14. Rb1 Qc8 15.
Bf4 Rd8 16. Qa4 c5 17. Rfc1 Nb6 18. Qa5 Be4 19. Rb5 Nd7 20. dxc5 a6 21. Rb4 Bc6
22. Nd4 Ne5 23. Bxe5 Bxe5 24. Nxc6 Qxc6 25. Bf3 Qd7 26. Rbb1 Rac8 27. g3 Qc7
28. Qxc7 Rxc7 29. c6 g6 30. Rb6 a5 31. Rb5 Rd3 32. Kg2 Rxc3 33. Rd1 Bf6 34.
Rxa5 Kg7 35. Rd7 Rxd7 36. cxd7 Rc7 37. a4 1/2-1/2

[Event "16. Obert Internacional Sant Martí 2014"]
[Site "Barcelona ESP"]
[Date "2014.07.14"]
[Round "2.42"]
[White "Krotiuk, Daria"]
[Black "Raghunandan, Kaumandur Srihari"]
[Result "0-1"]
[WhiteElo "1924"]
[BlackElo "2148"]
[PlyCount "46"]
[EventDate "2014.07.13"]
[EventType "swiss"]
[EventRounds "9"]
[EventCountry "ESP"]
[Source "lmi"]
[SourceDate "2014.07.13"]

1. e4 c5 2. Nf3 d6 3. Bb5+ Bd7 4. Bxd7+ Qxd7 5. O-O Nc6 6. b3 Nf6 7. Re1 g6 8.
Bb2 Bg7 9. Na3 O-O 10. e5 Ng4 11. d4 cxd4 12. exd6 Qxd6 13. Nb5 Qc5 14. Nfxd4
Nxf2 15. Kxf2 a6 16. Kf1 axb5 17. Nxc6 Bxb2 18. Nxe7+ Kg7 19. Rb1 Bf6 20. Qd7
Rad8 21. Qxb7 Rd2 22. Re2 Rxe2 23. Kxe2 Qxc2+ 0-1

[Event "16. Obert Internacional Sant Martí 2014"]
[Site "Barcelona ESP"]
[Date "2014.07.14"]
[Round "2.43"]
[White "Colom Andres, Xavier"]
[Black "Smirnov, Boris"]
[Result "0-1"]
[WhiteElo "1905"]
[BlackElo "2145"]
[PlyCount "76"]
[EventDate "2014.07.13"]
[EventType "swiss"]
[EventRounds "9"]
[EventCountry "ESP"]
[Source "lmi"]
[SourceDate "2014.07.13"]

1. Nf3 Nf6 2. c4 c5 3. g3 Nc6 4. Bg2 d6 5. O-O g6 6. Nc3 Bg7 7. d3 O-O 8. a3
Rb8 9. Rb1 Nd4 10. Nxd4 cxd4 11. Ne4 Ne8 12. b4 b6 13. Bf4 h6 14. Bc1 Bb7 15.
Bb2 Nc7 16. Qc2 f5 17. Nd2 Bxg2 18. Kxg2 e5 19. Rbc1 Ne6 20. Qb3 Qe7 21. Kg1
Kh7 22. Qa4 Rf7 23. Qc6 Rd8 24. Qg2 f4 25. Ne4 Rdf8 26. Rce1 f3 27. Qh3 fxe2
28. Rxe2 Rf3 29. Qg4 R8f5 30. Rd1 h5 31. Qh4 Qxh4 32. gxh4 Nf4 33. Red2 Bh6 34.
Kf1 Rh3 35. Nxd6 Rf8 36. Kg1 Rxh4 37. Rc2 Nh3+ 38. Kg2 Rg4+ 0-1

[Event "16. Obert Internacional Sant Martí 2014"]
[Site "Barcelona ESP"]
[Date "2014.07.14"]
[Round "2.44"]
[White "Sanchez Lopez, Juan Manuel"]
[Black "Saiz Rodrigo, Fernando"]
[Result "1-0"]
[WhiteElo "2141"]
[BlackElo "1917"]
[PlyCount "97"]
[EventDate "2014.07.13"]
[EventType "swiss"]
[EventRounds "9"]
[EventCountry "ESP"]
[Source "lmi"]
[SourceDate "2014.07.13"]

1. c4 e5 2. Nc3 Nc6 3. g3 g6 4. Bg2 Bg7 5. e3 f5 6. d3 Nf6 7. Nge2 d6 8. O-O
O-O 9. d4 Qe7 10. b3 Bd7 11. Bb2 g5 12. Nd5 Nxd5 13. cxd5 Nd8 14. dxe5 dxe5 15.
Re1 Nf7 16. Qc1 Rac8 17. f4 Rfd8 18. Ba3 Qf6 19. fxg5 Nxg5 20. Qc4 Kh8 21. Rad1
Nf7 22. Qb4 Nd6 23. Bb2 Qg5 24. Bc1 Qh5 25. Bb2 b6 26. Nc1 a5 27. Qd2 Ne4 28.
Qc2 Nd6 29. Nd3 Re8 30. a4 Ne4 31. Rf1 c6 32. d6 Re6 33. Bf3 Qg6 34. Ne1 Nxd6
35. Ba3 Be8 36. Ng2 c5 37. Nh4 Qg5 38. Bd5 Rf6 39. Bc1 Bh5 40. Bf3 Bf7 41. e4
f4 42. Ng2 Qg6 43. gxf4 exf4 44. Kh1 Qh6 45. e5 Nf5 46. Bxf4 Qg6 47. Be4 Be6
48. exf6 Bxf6 49. Rd6 1-0

[Event "16. Obert Internacional Sant Martí 2014"]
[Site "Barcelona ESP"]
[Date "2014.07.14"]
[Round "2.45"]
[White "Matsenko, Vadim"]
[Black "Beaskoa Estany, Gabriel"]
[Result "1-0"]
[WhiteElo "2108"]
[BlackElo "1893"]
[PlyCount "63"]
[EventDate "2014.07.13"]
[EventType "swiss"]
[EventRounds "9"]
[EventCountry "ESP"]
[Source "lmi"]
[SourceDate "2014.07.13"]

1. e4 c5 2. Nf3 d6 3. d4 cxd4 4. Nxd4 Nf6 5. Nc3 a6 6. Be2 e5 7. Nb3 Be7 8. Be3
b5 9. f3 Be6 10. Nd5 Nbd7 11. a4 Bxd5 12. exd5 b4 13. a5 Qc7 14. Qd2 O-O 15.
O-O Rfc8 16. Rac1 Qb7 17. Rfd1 Rc7 18. Qd3 g6 19. Rb1 Qc8 20. Rd2 Bf8 21. Ra1
Qb7 22. Kh1 Bg7 23. Ra4 Ne8 24. Bb6 Nxb6 25. Rxb4 Qxd5 26. axb6 Qxd3 27. Bxd3
Rc5 28. Nxc5 dxc5 29. b7 Rb8 30. Rb6 Nc7 31. Bc4 Bh6 32. Rd7 1-0

[Event "16. Obert Internacional Sant Martí 2014"]
[Site "Barcelona ESP"]
[Date "2014.07.14"]
[Round "2.46"]
[White "Santolaria Pena, M."]
[Black "Bernat, Ernest"]
[Result "1/2-1/2"]
[WhiteElo "1902"]
[BlackElo "2101"]
[PlyCount "58"]
[EventDate "2014.07.13"]
[EventType "swiss"]
[EventRounds "9"]
[EventCountry "ESP"]
[Source "lmi"]
[SourceDate "2014.07.13"]

1. d4 Nf6 2. Nf3 e6 3. e3 b6 4. Bd3 Bb7 5. Nbd2 Be7 6. e4 d6 7. O-O O-O 8. Re1
Nc6 9. c3 a5 10. Qe2 e5 11. Nf1 Qc8 12. Ng3 g6 13. Bh6 Re8 14. h3 Ba6 15. Rad1
Bxd3 16. Qxd3 Qa6 17. Qxa6 Rxa6 18. dxe5 dxe5 19. Bg5 Raa8 20. Bxf6 Bxf6 21.
Rd7 Re7 22. Red1 Kf8 23. R7d5 Rae8 24. Nf1 Nb8 25. Ne3 c6 26. Rd6 Re6 27. Ng4
Rxd6 28. Rxd6 Be7 29. Rd3 f6 1/2-1/2

[Event "16. Obert Internacional Sant Martí 2014"]
[Site "Barcelona ESP"]
[Date "2014.07.14"]
[Round "2.47"]
[White "Pozanco Romasanta, Marc"]
[Black "Ruhlmann, Helene"]
[Result "1-0"]
[WhiteElo "2088"]
[BlackElo "1867"]
[PlyCount "61"]
[EventDate "2014.07.13"]
[EventType "swiss"]
[EventRounds "9"]
[EventCountry "ESP"]
[Source "lmi"]
[SourceDate "2014.07.13"]

1. d4 d5 2. c4 e6 3. Nc3 Be7 4. cxd5 exd5 5. Bf4 c6 6. e3 Bf5 7. g4 Bg6 8. h4
h6 9. h5 Bh7 10. Bd3 Bxd3 11. Qxd3 Nd7 12. Nge2 Nb6 13. O-O-O Nc4 14. Ng3 Qa5
15. Rde1 Bf6 16. e4 Ne7 17. exd5 cxd5 18. Nf5 Kf8 19. Nd6 Qb6 20. Nxc4 dxc4 21.
Qe4 Rd8 22. Be5 Bxe5 23. dxe5 Rd4 24. Qf3 Rd3 25. Re3 Rxe3 26. fxe3 Qc6 27. Rd1
Kg8 28. Nd5 Qe6 29. Nxe7+ Qxe7 30. Qf5 Qc7 31. Rd7 1-0

[Event "16. Obert Internacional Sant Martí 2014"]
[Site "Barcelona ESP"]
[Date "2014.07.14"]
[Round "2.48"]
[White "Romero Gamez, Francisco Javier"]
[Black "Vigo Allepuz, David"]
[Result "0-1"]
[WhiteElo "1795"]
[BlackElo "2085"]
[PlyCount "36"]
[EventDate "2014.07.13"]
[EventType "swiss"]
[EventRounds "9"]
[EventCountry "ESP"]
[Source "lmi"]
[SourceDate "2014.07.13"]

1. e4 e6 2. d4 d5 3. Nd2 Nf6 4. e5 Nfd7 5. Bd3 c5 6. c3 Nc6 7. Ne2 cxd4 8. cxd4
f6 9. exf6 Qxf6 10. Nf3 Bd6 11. O-O O-O 12. a3 e5 13. dxe5 Ndxe5 14. Nxe5 Nxe5
15. Bc2 Be6 16. Ng3 Ng4 17. Bb3 Qh4 18. h3 Nxf2 0-1

[Event "16. Obert Internacional Sant Martí 2014"]
[Site "Barcelona ESP"]
[Date "2014.07.14"]
[Round "2.49"]
[White "Monedero Gonzalez, Josep"]
[Black "Gisbert Mir, Alejandro"]
[Result "1/2-1/2"]
[WhiteElo "2071"]
[BlackElo "1804"]
[PlyCount "65"]
[EventDate "2014.07.13"]
[EventType "swiss"]
[EventRounds "9"]
[EventCountry "ESP"]
[Source "lmi"]
[SourceDate "2014.07.13"]

1. d4 Nf6 2. c4 e6 3. Nc3 Bb4 4. e3 O-O 5. Bd3 d5 6. Qc2 c5 7. dxc5 dxc4 8.
Bxc4 Nc6 9. Nf3 Qa5 10. O-O Bxc3 11. Qxc3 Qxc5 12. Be2 Qxc3 13. bxc3 e5 14. Ba3
Rd8 15. Rab1 Ne4 16. Rfc1 f6 17. Bc4+ Kh8 18. h3 b6 19. Rb2 Na5 20. Bf7 Bb7 21.
Be6 Bd5 22. Bxd5 Rxd5 23. c4 Rd3 24. Bb4 Nc6 25. Be1 Rad8 26. Kf1 Nc5 27. Rbb1
e4 28. Ng1 R3d7 29. Ne2 Nd3 30. Rc3 Kg8 31. Ng3 Nc5 32. Rc2 Ne5 33. Bb4 1/2-1/2

[Event "16. Obert Internacional Sant Martí 2014"]
[Site "Barcelona ESP"]
[Date "2014.07.14"]
[Round "2.50"]
[White "Paragliola, Gennaro"]
[Black "Hapala, Elisabeth"]
[Result "0-1"]
[WhiteElo "1560"]
[BlackElo "2068"]
[PlyCount "50"]
[EventDate "2014.07.13"]
[EventType "swiss"]
[EventRounds "9"]
[EventCountry "ESP"]
[Source "lmi"]
[SourceDate "2014.07.13"]

1. d4 d5 2. c4 c6 3. Nc3 Nf6 4. Bg5 dxc4 5. Bxf6 exf6 6. e4 b5 7. a4 b4 8. Na2
Ba6 9. Nf3 Qa5 10. Nd2 b3 11. Nc3 Bb4 12. Qf3 O-O 13. Bxc4 Bxc4 14. Nxc4 Qa6
15. Nd2 Re8 16. Qe2 Qb6 17. Qc4 f5 18. e5 c5 19. Nd5 Bxd2+ 20. Kxd2 Qh6+ 21. f4
Na6 22. g3 Rad8 23. dxc5 Qe6 24. Kc3 Rxd5 25. c6 Rc5 0-1

[Event "16. Obert Internacional Sant Martí 2014"]
[Site "Barcelona ESP"]
[Date "2014.07.14"]
[Round "2.51"]
[White "Guix Torres, David"]
[Black "Castillo Dalmau, Albert"]
[Result "1/2-1/2"]
[WhiteElo "2045"]
[BlackElo "1695"]
[PlyCount "59"]
[EventDate "2014.07.13"]
[EventType "swiss"]
[EventRounds "9"]
[EventCountry "ESP"]
[Source "lmi"]
[SourceDate "2014.07.13"]

1. e4 c6 2. d4 d5 3. e5 Bf5 4. g4 Be4 5. f3 Bg6 6. h4 h5 7. g5 e6 8. Bd3 Bxd3
9. Qxd3 Ne7 10. Ne2 g6 11. Ng3 Nd7 12. Nc3 Rc8 13. f4 Bg7 14. Be3 a5 15. O-O
Ra8 16. b3 Qc8 17. Nce2 b6 18. c4 Qa6 19. Rac1 b5 20. cxb5 cxb5 21. Rc7 Nc6 22.
Rc1 Nb4 23. Qb1 Qb6 24. a3 Na6 25. R7c6 Qb7 26. Bd2 b4 27. axb4 axb4 28. Qc2
O-O 29. Kg2 Rfd8 30. Kh3 1/2-1/2

[Event "16. Obert Internacional Sant Martí 2014"]
[Site "Barcelona ESP"]
[Date "2014.07.14"]
[Round "2.52"]
[White "Julian Barrachina, Lluis"]
[Black "Ventura Bolet, Maxim"]
[Result "1/2-1/2"]
[WhiteElo "2125"]
[BlackElo "2044"]
[PlyCount "48"]
[EventDate "2014.07.13"]
[EventType "swiss"]
[EventRounds "9"]
[EventCountry "ESP"]
[Source "lmi"]
[SourceDate "2014.07.13"]

1. d4 d5 2. e3 Nf6 3. Bd3 g6 4. Nf3 Bg7 5. b3 O-O 6. Bb2 c5 7. O-O Nc6 8. a3
Nd7 9. c4 dxc4 10. bxc4 Qb6 11. Nc3 cxd4 12. Na4 Qd8 13. exd4 e5 14. d5 Nd4 15.
Nxd4 exd4 16. Re1 Re8 17. Qd2 b6 18. Rxe8+ Qxe8 19. Re1 Qd8 20. Bc2 Ne5 21.
Bxd4 Nxc4 22. Qc3 Bxd4 23. Qxd4 Nd6 24. Nc3 Bf5 1/2-1/2

[Event "16. Obert Internacional Sant Martí 2014"]
[Site "Barcelona ESP"]
[Date "2014.07.15"]
[Round "3.1"]
[White "Saptarshi, Roy"]
[Black "Bachmann, Axel"]
[Result "1/2-1/2"]
[WhiteElo "2449"]
[BlackElo "2652"]
[PlyCount "94"]
[EventDate "2014.07.13"]
[EventType "swiss"]
[EventRounds "9"]
[EventCountry "ESP"]
[Source "lmi"]
[SourceDate "2014.07.13"]

1. e4 g6 2. d4 Bg7 3. Nc3 c6 4. g3 d5 5. e5 f6 6. f4 Nh6 7. Bg2 Qb6 8. h3 O-O
9. Nf3 Nf5 10. Ne2 c5 11. g4 Nxd4 12. Nfxd4 cxd4 13. Qxd4 Qxd4 14. Nxd4 e6 15.
exf6 Bxf6 16. Nf3 Nc6 17. O-O b5 18. a3 a5 19. c3 Rb8 20. Be3 Bd7 21. Bc5 Be7
22. Bxe7 Nxe7 23. Ne5 Be8 24. Rae1 b4 25. axb4 axb4 26. cxb4 Bb5 27. Rf2 Rb6
28. Kh2 Rd8 29. Rd2 Rdb8 30. Nf3 Bd7 31. Nd4 Rxb4 32. Nxe6 Rxb2 33. Rxb2 Rxb2
34. Ng5 Nc6 35. Kg3 Rd2 36. Nf3 Rd3 37. Kh4 h6 38. Ne5 Nxe5 39. Rxe5 Kf7 40.
Rxd5 Rxd5 41. Bxd5+ Kf6 42. Kg3 g5 43. h4 gxf4+ 44. Kxf4 Bxg4 45. Kxg4 h5+ 46.
Kxh5 Kg7 47. Kg5 Kh8 1/2-1/2

[Event "16. Obert Internacional Sant Martí 2014"]
[Site "Barcelona ESP"]
[Date "2014.07.15"]
[Round "3.2"]
[White "Cori, Jorge"]
[Black "Panelo, Marcelo"]
[Result "1/2-1/2"]
[WhiteElo "2608"]
[BlackElo "2448"]
[PlyCount "81"]
[EventDate "2014.07.13"]
[EventType "swiss"]
[EventRounds "9"]
[EventCountry "ESP"]
[Source "lmi"]
[SourceDate "2014.07.13"]

1. c4 e6 2. b3 d5 3. Bb2 Nf6 4. Nf3 Be7 5. g3 O-O 6. Bg2 b6 7. O-O Bb7 8. cxd5
Nxd5 9. d4 Nd7 10. Nbd2 N5f6 11. Rc1 c5 12. Nc4 Rc8 13. dxc5 Rxc5 14. b4 Rc7
15. Qb3 b5 16. Ne3 Nd5 17. Nd4 Nxe3 18. Qxe3 Bxg2 19. Kxg2 Bg5 20. f4 Bf6 21.
Qf3 Rxc1 22. Rxc1 Bxd4 23. Bxd4 Nb6 24. Bc5 Qd2 25. Bxf8 Qxc1 26. Bc5 h6 27.
Qd3 Qb2 28. Qxb5 Qxa2 29. Bxb6 axb6 30. Kf2 Qa7 31. Qe8+ Kh7 32. b5 Kg6 33. Qc6
Kh7 34. h3 Qb8 35. Qd7 Kg8 36. Kf3 Qa8+ 37. e4 h5 38. Qd3 g6 39. h4 Kh7 40. Ke3
Qa1 41. e5 1/2-1/2

[Event "16. Obert Internacional Sant Martí 2014"]
[Site "Barcelona ESP"]
[Date "2014.07.15"]
[Round "3.3"]
[White "Perez Mitjans, Orelvis"]
[Black "Peralta, Fernando"]
[Result "1-0"]
[WhiteElo "2414"]
[BlackElo "2596"]
[PlyCount "129"]
[EventDate "2014.07.13"]
[EventType "swiss"]
[EventRounds "9"]
[EventCountry "ESP"]
[Source "lmi"]
[SourceDate "2014.07.13"]

1. e4 c6 2. d4 d5 3. e5 Bf5 4. Nd2 e6 5. g4 Bg6 6. Ne2 c5 7. h4 h5 8. Nf4 Bh7
9. g5 Bf5 10. dxc5 Nc6 11. Nb3 Qc7 12. Be3 O-O-O 13. Nd4 Nxd4 14. Qxd4 Ne7 15.
Nd3 Nc6 16. Qa4 f6 17. exf6 e5 18. O-O-O gxf6 19. gxf6 d4 20. Bg5 e4 21. Nb4
Nxb4 22. Qxb4 Bxc5 23. Qc4 Kb8 24. Bh3 Bxh3 25. Rxh3 Rc8 26. Kb1 Qd7 27. Rb3
Bb6 28. Qe2 Qe6 29. Re1 Rce8 30. Qb5 Rc8 31. Qe2 Rce8 32. Rb5 Ka8 33. Rb3 Qf7
34. Qb5 Qc7 35. Qf5 Re5 36. Qf4 Re6 37. Qxc7 Bxc7 38. Rb5 Rf8 39. Rd5 Bb6 40.
Rd7 a6 41. Re7 Rexf6 42. Bxf6 Rxf6 43. R7xe4 Rxf2 44. Re5 Rh2 45. Rxh5 d3 46.
c3 Bc7 47. Rd1 d2 48. Rf5 Bg3 49. h5 Be1 50. Kc2 Rh3 51. Rf8+ Ka7 52. Rh8 a5
53. a4 Rh4 54. b3 Rh3 55. h6 Kb6 56. h7 Ka7 57. b4 axb4 58. cxb4 b6 59. a5 bxa5
60. bxa5 Rh2 61. a6 Rh3 62. Rb1 Rh4 63. Rb7+ Kxa6 64. Rd7 Kb6 65. Rc8 1-0

[Event "16. Obert Internacional Sant Martí 2014"]
[Site "Barcelona ESP"]
[Date "2014.07.15"]
[Round "3.4"]
[White "Cori T., Deysi"]
[Black "Burmakin, Vladimir"]
[Result "0-1"]
[WhiteElo "2414"]
[BlackElo "2590"]
[PlyCount "82"]
[EventDate "2014.07.13"]
[EventType "swiss"]
[EventRounds "9"]
[EventCountry "ESP"]
[Source "lmi"]
[SourceDate "2014.07.13"]

1. d4 c6 2. Nf3 d5 3. Bf4 Nf6 4. e3 Nh5 5. Bg5 h6 6. Bh4 Qb6 7. b3 Nd7 8. c4 g5
9. Bg3 Nxg3 10. hxg3 Bg7 11. Nc3 Qa5 12. Rc1 Nf6 13. Qd2 O-O 14. cxd5 cxd5 15.
Bd3 Be6 16. Ne5 Rfc8 17. O-O Rc7 18. Qb2 Rac8 19. b4 Qb6 20. f4 Ne4 21. Na4 Qd6
22. Bxe4 Rxc1 23. Rxc1 Rxc1+ 24. Qxc1 dxe4 25. Nc5 Bd5 26. Qc2 f6 27. Ng4 Qc6
28. Qa4 Qxa4 29. Nxa4 Bxa2 30. Nc3 Be6 31. Nf2 f5 32. Nb5 a6 33. Nc7 Bc4 34.
fxg5 hxg5 35. Nd1 e6 36. Nb2 Bb3 37. b5 a5 38. b6 Bf8 39. Kf2 Kf7 40. Ke2 a4
41. Nd1 a3 0-1

[Event "16. Obert Internacional Sant Martí 2014"]
[Site "Barcelona ESP"]
[Date "2014.07.15"]
[Round "3.5"]
[White "Alarcon Casellas, Rolando"]
[Black "Vasquez Schroeder, Rodrigo"]
[Result "1-0"]
[WhiteElo "2378"]
[BlackElo "2551"]
[PlyCount "65"]
[EventDate "2014.07.13"]
[EventType "swiss"]
[EventRounds "9"]
[EventCountry "ESP"]
[Source "lmi"]
[SourceDate "2014.07.13"]

1. d4 Nf6 2. Bg5 d5 3. e3 c5 4. Bxf6 gxf6 5. c4 cxd4 6. exd4 Qb6 7. Nc3 Qxb2 8.
Nxd5 Bf5 9. Be2 Nc6 10. Nf3 O-O-O 11. O-O e6 12. Bd3 Bg4 13. Rb1 Bxf3 14. Qxf3
Qxd4 15. Rfd1 Bc5 16. Nxf6 Qe5 17. g3 Bd4 18. Ne4 Qc7 19. c5 Be5 20. Rdc1 Rd7
21. Bf1 Rhd8 22. Qh5 f5 23. Ng5 Re7 24. Bc4 Nd4 25. Re1 Kb8 26. Ba6 Qxc5 27.
Nf7 Rd5 28. Nxe5 Rxe5 29. Rec1 Qd5 30. Rxb7+ Qxb7 31. Bxb7 Ne2+ 32. Qxe2 Rxe2
33. Ba6 1-0

[Event "16. Obert Internacional Sant Martí 2014"]
[Site "Barcelona ESP"]
[Date "2014.07.15"]
[Round "3.6"]
[White "Lopez Martinez, Josep Manuel"]
[Black "Sardana, Rishi"]
[Result "1/2-1/2"]
[WhiteElo "2548"]
[BlackElo "2363"]
[PlyCount "91"]
[EventDate "2014.07.13"]
[EventType "swiss"]
[EventRounds "9"]
[EventCountry "ESP"]
[Source "lmi"]
[SourceDate "2014.07.13"]

1. e4 c5 2. Nf3 d6 3. Bb5+ Nd7 4. c4 Ngf6 5. Nc3 a6 6. Bxd7+ Bxd7 7. d4 cxd4 8.
Qxd4 g6 9. O-O Bg7 10. Qd3 O-O 11. Be3 b5 12. cxb5 axb5 13. a3 Qb8 14. Bd4 b4
15. axb4 Qxb4 16. Rab1 Bc6 17. Bxf6 Bxf6 18. Rfe1 Rab8 19. h3 Rfd8 20. Nd2 e6
21. Rec1 d5 22. exd5 Bxd5 23. Qe3 Ba8 24. Nf3 Rd6 25. Rd1 Rxd1+ 26. Rxd1 Rc8
27. Rd2 Bxf3 28. Qxf3 Bxc3 29. Rc2 Rd8 30. Qxc3 Qf4 31. Qe1 Rd4 32. Rc8+ Kg7
33. Rc1 Re4 34. Qc3+ e5 35. Re1 Rc4 36. Qxe5+ Qxe5 37. Rxe5 Rc1+ 38. Kh2 Rc2
39. b4 Rxf2 40. b5 Rb2 41. Rc5 Rb3 42. g4 Rb2+ 43. Kg3 Rb3+ 44. Kf2 Rb2+ 45.
Kg3 Rb3+ 46. Kg2 1/2-1/2

[Event "16. Obert Internacional Sant Martí 2014"]
[Site "Barcelona ESP"]
[Date "2014.07.15"]
[Round "3.7"]
[White "Gurevich, Daniel"]
[Black "Movsziszian, Karen"]
[Result "0-1"]
[WhiteElo "2317"]
[BlackElo "2520"]
[PlyCount "112"]
[EventDate "2014.07.13"]
[EventType "swiss"]
[EventRounds "9"]
[EventCountry "ESP"]
[Source "lmi"]
[SourceDate "2014.07.13"]

1. e4 g6 2. d4 Bg7 3. Nf3 d6 4. Nc3 a6 5. Be2 b5 6. a4 b4 7. Nd5 a5 8. c3 e6 9.
Ne3 Bb7 10. Qc2 Nd7 11. O-O Ne7 12. cxb4 axb4 13. b3 c5 14. Nc4 O-O 15. Bb2 Qc7
16. Rac1 Rac8 17. Rfd1 cxd4 18. Nxd4 Qb8 19. Nb5 d5 20. Bxg7 Kxg7 21. Qb2+ Kg8
22. Ne3 h5 23. Qd2 Nf6 24. exd5 Nexd5 25. Nxd5 Nxd5 26. Bf3 Qe5 27. Re1 Rxc1
28. Qxc1 Qf6 29. Nd6 Ba8 30. Ne4 Qd4 31. Qg5 Kg7 32. Bxh5 Nc3 33. Nc5 Bd5 34.
Nd7 Rh8 35. Bxg6 f6 36. Nxf6 Qxf6 37. Qxf6+ Kxf6 38. Bc2 Rc8 39. Kf1 Nxa4 40.
Ra1 Nb2 41. Bd1 Nxd1 42. Rxd1 Bxb3 43. Rb1 Bc4+ 44. Ke1 b3 45. Kd2 Bd5 46. Rb2
Ra8 47. Kc3 Ra2 48. Rxa2 bxa2 49. Kb2 Kf5 50. f3 Kf4 51. Ka1 e5 52. Kb2 Bxf3
53. gxf3 Kxf3 54. h4 e4 55. h5 e3 56. h6 e2 0-1

[Event "16. Obert Internacional Sant Martí 2014"]
[Site "Barcelona ESP"]
[Date "2014.07.15"]
[Round "3.8"]
[White "Piasetski, Leon"]
[Black "Gomez Garrido, Camilo Ernesto"]
[Result "0-1"]
[WhiteElo "2297"]
[BlackElo "2495"]
[PlyCount "82"]
[EventDate "2014.07.13"]
[EventType "swiss"]
[EventRounds "9"]
[EventCountry "ESP"]
[Source "lmi"]
[SourceDate "2014.07.13"]

1. Nf3 c5 2. c4 Nc6 3. Nc3 g6 4. g3 Bg7 5. Bg2 d6 6. d3 Bf5 7. Rb1 Nf6 8. h3 h5
9. a3 Rc8 10. Bd2 O-O 11. b4 b6 12. b5 Nd4 13. Ng5 e5 14. Nge4 Nxe4 15. Nxe4
Be6 16. a4 f6 17. Nc3 Nf5 18. Nd5 Ne7 19. Qb3 Nxd5 20. cxd5 Bd7 21. Qc4 f5 22.
Bf3 Qe7 23. g4 e4 24. dxe4 fxg4 25. hxg4 hxg4 26. Bg2 Bd4 27. e3 Qf6 28. Rf1
Be5 29. Kd1 Qh4 30. Qe2 c4 31. Be1 Qg5 32. Kc2 a6 33. Bc3 Bxc3 34. Kxc3 Qe5+
35. Kc2 axb5 36. Qd2 Ra8 37. Rb4 Rxa4 38. Rxa4 bxa4 39. Qd4 b5 40. Qxe5 dxe5
41. Kc3 a3 0-1

[Event "16. Obert Internacional Sant Martí 2014"]
[Site "Barcelona ESP"]
[Date "2014.07.15"]
[Round "3.9"]
[White "Persson, Andreas"]
[Black "Cuartas, Jaime Alexander"]
[Result "0-1"]
[WhiteElo "2249"]
[BlackElo "2483"]
[PlyCount "150"]
[EventDate "2014.07.13"]
[EventType "swiss"]
[EventRounds "9"]
[EventCountry "ESP"]
[Source "lmi"]
[SourceDate "2014.07.13"]

1. d4 d5 2. c4 c6 3. Nc3 Nf6 4. e3 g6 5. Nf3 Bg7 6. Be2 O-O 7. O-O Re8 8. Bd2
Ne4 9. Be1 Nd7 10. cxd5 Nxc3 11. Bxc3 cxd5 12. Qb3 e6 13. Rfc1 Nb8 14. Ne5 Bxe5
15. dxe5 Nc6 16. Qa4 Qg5 17. h4 Qh6 18. g3 Bd7 19. Qg4 Qg7 20. Qf4 h6 21. g4
Rec8 22. Kh2 Rc7 23. Bb4 Rcc8 24. Bd6 a6 25. Rc3 Na7 26. Rac1 Rxc3 27. Rxc3 Bb5
28. Bf3 Rc8 29. Qd4 Rxc3 30. Qxc3 Bc6 31. Qa5 Kh7 32. Bb8 Nc8 33. Qd8 Qg8 34.
Qf6 Qg7 35. h5 Qxf6 36. exf6 Nb6 37. Bc7 Nd7 38. Bd8 e5 39. Bd1 e4 40. f3 exf3
41. Bc2 Ne5 42. Kg3 Kg8 43. Bc7 f2 44. Kxf2 Nxg4+ 45. Kf3 gxh5 46. Bd8 d4+ 47.
e4 Ne5+ 48. Kf4 d3 49. Bb3 h4 50. Bc7 h3 51. Kg3 h2 52. Kxh2 Ng4+ 53. Kg3 Nxf6
54. e5 Bd5 55. exf6 Bxb3 56. Bf4 Bxa2 57. Bxh6 Kh7 58. Bd2 Kg6 59. Bc3 d2 60.
Bxd2 Kxf6 61. Kf4 Bb1 62. Bc3+ Ke6 63. Bd4 a5 64. Bc3 a4 65. Bd4 b5 66. Bc3 f5
67. Be5 Kd5 68. Bc7 Kc4 69. Ke3 Kb3 70. Be5 Be4 71. Bf6 b4 72. Be5 Kc2 73. Bf6
a3 74. bxa3 bxa3 75. Be5 a2 0-1